Statistics for U.S. State Nicknames Quiz

Click here to take the quiz!

General Stats

  • This quiz has been taken 37,116 times
    (17,422 since last reset)
  • The average score is 18 of 50

Answer Stats

StateNickname% Correct
FloridaSunshine State
78%
TexasLone Star State
64%
GeorgiaPeach State
63%
CaliforniaGolden State
61%
DelawareFirst State
56%
New YorkEmpire State
55%
New JerseyGarden State
53%
West VirginiaMountain State
50%
HawaiiAloha State
45%
IndianaHoosier State
45%
MissouriShow-Me State
45%
OhioBuckeye State
43%
NevadaSilver State
42%
OklahomaSooner State
40%
AlaskaLast Frontier
39%
KentuckyBluegrass State
37%
PennsylvaniaKeystone State
37%
NebraskaCornhusker State
36%
MichiganGreat Lakes State /
Wolverine State
36%
TennesseeVolunteer State
36%
MassachusettsBay State
35%
Rhode IslandOcean State
35%
New MexicoLand of Enchantment
32%
KansasSunflower State
32%
WisconsinBadger State
31%
UtahBeehive State
31%
ArizonaGrand Canyon State
31%
New HampshireGranite State
31%
North CarolinaTar Heel State
31%
OregonBeaver State
30%
ConnecticutConstitution State
30%
IdahoGem State
30%
IowaHawkeye State
30%
VermontGreen Mountain State
29%
Mississippi Magnolia State
29%
South CarolinaPalmetto State
29%
LouisianaPelican State
29%
WashingtonEvergreen State
28%
South DakotaMount Rushmore State
27%
IllinoisPrairie State
26%
ColoradoCentennial State
25%
MainePine Tree State /
Vacationland
24%
ArkansasNatural State
22%
AlabamaThe Heart of Dixie
22%
VirginiaOld Dominion
21%
WyomingEquality State
20%
MarylandOld Line State
20%
Minnesota North Star State
19%
MontanaTreasure State
18%
North DakotaPeace Garden State
16%

Score Distribution

Percentile by Number Answered

Percent of People with Each Score

Your Score History

You have not taken this quiz since the last reset